| 000 | 00555nam a22001817a 4500 | ||
|---|---|---|---|
| 003 | 0 | ||
| 005 | 20241019141820.0 | ||
| 008 | 241019b xxu||||| |||| 00| 0 eng d | ||
| 020 | _a9798891611924 | ||
| 050 |
_aHB 171.5 _b.B87 2024 |
||
| 100 |
_aBurns, Harley, _eauthor. |
||
| 245 |
_aIntroduction to microeconomics / _cHarley Burns. |
||
| 260 |
_aJersey City, USA : _bAlexis Press, LLC, _c2024. |
||
| 300 |
_avii, 375 p. : _bcol. ill. ; _c24 cm. |
||
| 504 | _aIncludes bibliographical references and index. | ||
| 650 | _aMacroeconomics. | ||
| 942 |
_2lcc _cBK |
||
| 999 |
_c366608 _d366608 |
||